[Event "GM Round Robin-Orbis 2018"]
[Site "Paracin hotel Orbis"]
[Date "2018.07.15"]
[Round "2.1"]
[White "Atalik, Suat"]
[Black "Peng, Shunkai"]
[Result "1/2-1/2"]
[BlackElo "2390"]
[WhiteElo "2509"]
[LiveChessVersion "1.4.8"]

1. d4 {[%clk 1:30:56]} Nf6 {[%clk 1:29:56]} 2. c4 {[%clk 1:30:58]} e6
{[%clk 1:30:08]} 3. Nc3 {[%clk 1:30:54]} Bb4 {[%clk 1:29:05]} 4. e3
{[%clk 1:30:57]} O-O {[%clk 1:27:33]} 5. Bd3 {[%clk 1:31:07]} d5 {[%clk 1:24:49]}
6. Nf3 {[%clk 1:30:21]} b6 {[%clk 1:23:02]} 7. O-O {[%clk 1:30:15]} dxc4
{[%clk 1:15:10]} 8. Bxc4 {[%clk 1:30:21]} Bb7 {[%clk 1:15:31]} 9. Qc2
{[%clk 1:22:59]} Nbd7 {[%clk 1:11:47]} 10. Rd1 {[%clk 1:21:34]} Qe7
{[%clk 1:08:42]} 11. b3 {[%clk 1:16:53]} Rfc8 {[%clk 0:58:18]} 12. Bb2
{[%clk 1:16:14]} a6 {[%clk 0:55:16]} 13. a3 {[%clk 1:12:13]} Bd6 {[%clk 0:48:27]}
14. e4 {[%clk 1:10:00]} b5 {[%clk 0:46:32]} 15. Be2 {[%clk 1:05:04]} e5
{[%clk 0:46:26]} 16. dxe5 {[%clk 1:01:58]} Nxe5 {[%clk 0:36:22]} 17. Nd4
{[%clk 1:01:39]} g6 {[%clk 0:34:29]} 18. g3 {[%clk 0:50:31]} c5 {[%clk 0:21:37]}
19. Nf3 {[%clk 0:50:55]} Nxf3+ {[%clk 0:16:11]} 20. Bxf3 {[%clk 0:51:20]} Be5
{[%clk 0:16:34]} 21. Re1 {[%clk 0:47:15]} Bd4 {[%clk 0:15:03]} 22. Rad1
{[%clk 0:44:07]} Qe5 {[%clk 0:14:08]} 23. Bc1 {[%clk 0:42:44]} Re8
{[%clk 0:10:56]} 24. Re2 {[%clk 0:30:17]} Rad8 {[%clk 0:06:45]} 25. Bf4
{[%clk 0:29:30]} Qe6 {[%clk 0:06:38]} 26. Rde1 {[%clk 0:23:14]} Ng4
{[%clk 0:05:05]} 27. Bg2 {[%clk 0:17:31]} c4 {[%clk 0:04:01]} 28. bxc4
{[%clk 0:13:48]} Qxc4 {[%clk 0:04:03]} 29. Nd1 {[%clk 0:13:52]} Qxc2
{[%clk 0:02:21]} 30. Rxc2 {[%clk 0:14:15]} Rc8 {[%clk 0:02:32]} 31. Rxc8
{[%clk 0:09:57]} Rxc8 {[%clk 0:02:43]} 32. Bh3 {[%clk 0:10:04]} h5
{[%clk 0:02:56]} 33. Be3 {[%clk 0:09:55]} Rd8 {[%clk 0:01:28]} 34. Bf4
{[%clk 0:06:03]} Bc5 {[%clk 0:01:41]} 35. Bxg4 {[%clk 0:04:53]} hxg4
{[%clk 0:02:08]} 36. Ne3 {[%clk 0:05:19]} Bxe4 {[%clk 0:00:53]} 37. Nxg4
{[%clk 0:05:40]} Bf3 {[%clk 0:00:51]} 38. Nf6+ {[%clk 0:05:00]} Kg7
{[%clk 0:00:56]} 39. Ne8+ {[%clk 0:05:12]} Kh7 {[%clk 0:01:04]} 40. Nf6+
{[%clk 0:34:59]} Kh8 {[%clk 0:30:50]} 41. Be5 {[%clk 0:30:43]} Bxa3
{[%clk 0:28:04]} 42. h4 {[%clk 0:27:50]} b4 {[%clk 0:16:25]} 43. Ne4+
{[%clk 0:16:52]} Kg8 {[%clk 0:16:37]} 44. Ng5 {[%clk 0:15:26]} Bc6
{[%clk 0:14:58]} 45. Bf6 {[%clk 0:14:11]} Re8 {[%clk 0:14:18]} 46. Rd1
{[%clk 0:10:00]} b3 {[%clk 0:13:15]} 47. g4 {[%clk 0:10:20]} Be7 {[%clk 0:10:12]}
48. Bb2 {[%clk 0:10:16]} a5 {[%clk 0:09:13]} 49. Rc1 {[%clk 0:09:37]} Bd5
{[%clk 0:08:13]} 50. Re1 {[%clk 0:08:10]} Bc6 {[%clk 0:06:03]} 51. Rc1
{[%clk 0:08:13]} Bd7 {[%clk 0:04:20]} 52. Rc7 {[%clk 0:06:16]} Bxg4
{[%clk 0:03:02]} 53. Ra7 {[%clk 0:06:28]} Bf5 {[%clk 0:01:10]} 54. Rxa5
{[%clk 0:06:37]} Bd8 {[%clk 0:00:56]} 55. Ra8 {[%clk 0:06:35]} Rf8
{[%clk 0:00:59]} 56. Rb8 {[%clk 0:06:02]} Bc2 {[%clk 0:00:52]} 57. Rb7
{[%clk 0:05:44]} Ba5 {[%clk 0:00:42]} 58. Bf6 {[%clk 0:05:48]} Bd8
{[%clk 0:00:56]} 59. Bc3 {[%clk 0:05:39]} Bxg5 {[%clk 0:00:57]} 60. hxg5
{[%clk 0:06:03]} Rc8 {[%clk 0:01:20]} 61. Bb2 {[%clk 0:04:16]} Bd1
{[%clk 0:01:25]} 62. Kg2 {[%clk 0:04:10]} Bc2 {[%clk 0:01:44]} 63. Kg3
{[%clk 0:04:26]} Kf8 {[%clk 0:02:04]} 64. Ba3+ {[%clk 0:03:57]} Kg8
{[%clk 0:02:27]} 65. Be7 {[%clk 0:02:55]} Kg7 {[%clk 0:01:27]} 66. f3
{[%clk 0:02:14]} Re8 {[%clk 0:00:51]} 67. Bf6+ {[%clk 0:02:28]} Kf8
{[%clk 0:01:16]} 68. Rb4 {[%clk 0:02:14]} Re6 {[%clk 0:01:17]} 69. Rb8+
{[%clk 0:01:51]} Re8 {[%clk 0:01:46]} 70. Rb7 {[%clk 0:01:42]} Re2
{[%clk 0:01:49]} 71. Rb8+ {[%clk 0:01:58]} 1/2-1/2

[Event "GM Round Robin-Orbis 2018"]
[Site "Paracin hotel Orbis"]
[Date "2018.07.15"]
[Round "2.2"]
[White "Ikeda, Junta"]
[Black "Radovanovic, Mihajlo"]
[Result "1-0"]
[BlackElo "2402"]
[WhiteElo "2437"]
[LiveChessVersion "1.4.8"]

1. d4 {[%clk 1:30:57]} Nf6 {[%clk 1:30:53]} 2. Nf3 {[%clk 1:31:23]} g6
{[%clk 1:31:16]} 3. g3 {[%clk 1:31:50]} Bg7 {[%clk 1:31:40]} 4. Bg2
{[%clk 1:32:16]} O-O {[%clk 1:32:03]} 5. O-O {[%clk 1:32:43]} d6 {[%clk 1:32:29]}
6. c4 {[%clk 1:33:09]} Nc6 {[%clk 1:32:51]} 7. Nc3 {[%clk 1:33:34]} e5
{[%clk 1:32:22]} 8. dxe5 {[%clk 1:33:44]} Nxe5 {[%clk 1:32:06]} 9. Nxe5
{[%clk 1:32:55]} dxe5 {[%clk 1:32:30]} 10. Bg5 {[%clk 1:33:02]} Qxd1
{[%clk 1:29:24]} 11. Rfxd1 {[%clk 1:33:27]} h6 {[%clk 1:19:53]} 12. Be3
{[%clk 1:31:41]} c6 {[%clk 1:20:14]} 13. Rd2 {[%clk 1:16:30]} Be6
{[%clk 1:19:41]} 14. b3 {[%clk 1:16:35]} Rfc8 {[%clk 1:13:55]} 15. Na4
{[%clk 1:10:11]} Nd7 {[%clk 1:10:38]} 16. Rad1 {[%clk 1:01:00]} Rc7
{[%clk 1:10:47]} 17. f4 {[%clk 0:47:57]} b6 {[%clk 1:05:22]} 18. c5
{[%clk 0:28:17]} b5 {[%clk 0:58:48]} 19. Nb6 {[%clk 0:28:15]} axb6
{[%clk 0:58:02]} 20. cxb6 {[%clk 0:28:39]} Nxb6 {[%clk 0:58:21]} 21. Rd8+
{[%clk 0:27:34]} Kh7 {[%clk 0:57:24]} 22. Bxb6 {[%clk 0:27:32]} Rcc8
{[%clk 0:57:43]} 23. Rxc8 {[%clk 0:25:12]} Rxc8 {[%clk 0:57:38]} 24. Rc1
{[%clk 0:23:31]} Ra8 {[%clk 0:50:08]} 25. Rc2 {[%clk 0:23:15]} Bf5
{[%clk 0:47:33]} 26. e4 {[%clk 0:19:10]} Be6 {[%clk 0:47:07]} 27. Kf2
{[%clk 0:17:06]} Bf8 {[%clk 0:42:38]} 28. Bf1 {[%clk 0:10:03]} Ra6
{[%clk 0:34:20]} 29. Bc7 {[%clk 0:09:26]} exf4 {[%clk 0:34:33]} 30. gxf4
{[%clk 0:09:39]} Ra7 {[%clk 0:30:25]} 31. Bb6 {[%clk 0:07:21]} Ra6
{[%clk 0:30:40]} 32. Bc7 {[%clk 0:07:02]} Ra7 {[%clk 0:30:50]} 33. Bb6
{[%clk 0:06:35]} Ra6 {[%clk 0:31:15]} 34. Be3 {[%clk 0:05:43]} Be7
{[%clk 0:27:22]} 35. Bd3 {[%clk 0:05:22]} f5 {[%clk 0:24:33]} 36. Kf3
{[%clk 0:03:34]} fxe4+ {[%clk 0:24:38]} 37. Bxe4 {[%clk 0:03:55]} Bf5
{[%clk 0:24:49]} 38. Bd4 {[%clk 0:02:58]} Bf8 {[%clk 0:22:41]} 39. Ke3
{[%clk 0:00:49]} c5 {[%clk 0:18:26]} 40. Be5 {[%clk 0:30:40]} Ra7
{[%clk 0:42:22]} 41. Rd2 {[%clk 0:24:39]} c4 {[%clk 0:33:47]} 42. Rd8
{[%clk 0:20:16]} Bg7 {[%clk 0:33:38]} 43. Rb8 {[%clk 0:13:18]} Bxe5
{[%clk 0:16:41]} 44. fxe5 {[%clk 0:13:38]} Bxe4 {[%clk 0:11:57]} 45. Kxe4
{[%clk 0:13:58]} Rxa2 {[%clk 0:11:51]} 46. Rb7+ {[%clk 0:08:22]} Kg8
{[%clk 0:12:15]} 47. b4 {[%clk 0:05:15]} Rxh2 {[%clk 0:07:52]} 48. Rxb5
{[%clk 0:04:58]} c3 {[%clk 0:05:47]} 49. Kd5 {[%clk 0:04:02]} h5 {[%clk 0:04:31]}
50. Rc5 {[%clk 0:03:37]} Rb2 {[%clk 0:03:43]} 51. b5 {[%clk 0:03:30]} c2
{[%clk 0:02:58]} 52. Kc6 {[%clk 0:03:25]} h4 {[%clk 0:02:39]} 53. e6
{[%clk 0:03:28]} Ra2 {[%clk 0:00:36]} 54. b6 {[%clk 0:03:26]} h3 {[%clk 0:00:49]}
55. e7 {[%clk 0:03:41]} Ra8 {[%clk 0:00:38]} 56. Rxc2 {[%clk 0:03:06]} g5
{[%clk 0:00:32]} 57. Kd7 {[%clk 0:02:07]} g4 {[%clk 0:00:45]} 58. Rc8+
{[%clk 0:02:14]} 1-0

[Event "GM Round Robin-Orbis 2018"]
[Site "Paracin hotel Orbis"]
[Date "2018.07.15"]
[Round "2.5"]
[White "Djordjevic, Vuk"]
[Black "Raja, Rithvik R"]
[Result "1-0"]
[BlackElo "2343"]
[WhiteElo "2403"]
[LiveChessVersion "1.4.8"]

1. e4 {[%clk 1:30:56]} c5 {[%clk 1:30:52]} 2. Ne2 {[%clk 1:30:59]} d6
{[%clk 1:31:09]} 3. g3 {[%clk 1:31:15]} g6 {[%clk 1:30:55]} 4. Bg2
{[%clk 1:31:14]} Bg7 {[%clk 1:31:20]} 5. c3 {[%clk 1:30:22]} Nf6 {[%clk 1:29:47]}
6. d4 {[%clk 1:27:28]} O-O {[%clk 1:27:16]} 7. O-O {[%clk 1:27:01]} cxd4
{[%clk 1:26:03]} 8. cxd4 {[%clk 1:26:53]} e5 {[%clk 1:26:25]} 9. Nbc3
{[%clk 1:25:22]} Nc6 {[%clk 1:24:37]} 10. Qd3 {[%clk 1:16:20]} Re8
{[%clk 1:11:32]} 11. d5 {[%clk 1:00:10]} Ne7 {[%clk 1:06:58]} 12. f3
{[%clk 0:56:27]} h5 {[%clk 1:04:54]} 13. Be3 {[%clk 0:54:27]} Bd7
{[%clk 1:04:09]} 14. Rfc1 {[%clk 0:38:03]} a6 {[%clk 1:01:34]} 15. a4
{[%clk 0:35:09]} Rc8 {[%clk 1:01:07]} 16. b4 {[%clk 0:33:30]} Rf8
{[%clk 0:50:25]} 17. b5 {[%clk 0:31:02]} a5 {[%clk 0:49:38]} 18. b6
{[%clk 0:30:53]} Ne8 {[%clk 0:49:33]} 19. Rab1 {[%clk 0:20:03]} f5
{[%clk 0:48:50]} 20. Nb5 {[%clk 0:20:20]} Rxc1+ {[%clk 0:41:28]} 21. Rxc1
{[%clk 0:19:45]} Nc8 {[%clk 0:41:53]} 22. Nc7 {[%clk 0:09:37]} Nxc7
{[%clk 0:41:52]} 23. Rxc7 {[%clk 0:09:26]} Rf7 {[%clk 0:40:43]} 24. Qc3
{[%clk 0:07:20]} fxe4 {[%clk 0:38:37]} 25. fxe4 {[%clk 0:07:02]} h4
{[%clk 0:38:42]} 26. gxh4 {[%clk 0:06:13]} Qxh4 {[%clk 0:37:55]} 27. Rxd7
{[%clk 0:01:58]} Rxd7 {[%clk 0:38:19]} 28. Qxc8+ {[%clk 0:02:26]} Rd8
{[%clk 0:38:35]} 29. Qe6+ {[%clk 0:02:44]} Kh7 {[%clk 0:38:30]} 30. Qh3
{[%clk 0:00:41]} Qxh3 {[%clk 0:38:49]} 31. Bxh3 {[%clk 0:01:10]} Bh6
{[%clk 0:39:13]} 32. Bf2 {[%clk 0:00:39]} Rf8 {[%clk 0:39:09]} 33. Kg2
{[%clk 0:00:42]} Bd2 {[%clk 0:39:19]} 34. Bh4 {[%clk 0:01:00]} Be3
{[%clk 0:39:25]} 35. Nc3 {[%clk 0:00:37]} Bxb6 {[%clk 0:37:41]} 36. Bg3
{[%clk 0:00:45]} Bc5 {[%clk 0:35:07]} 37. Nb5 {[%clk 0:01:15]} Kh6
{[%clk 0:33:45]} 38. Nc7 {[%clk 0:00:41]} Bb6 {[%clk 0:32:44]} 39. Nb5
{[%clk 0:00:38]} Bc5 {[%clk 0:33:13]} 40. Bg4 {[%clk 0:30:37]} Kg5
{[%clk 1:03:19]} 41. Bd7 {[%clk 0:31:01]} Kh6 {[%clk 1:01:47]} 42. Be1
{[%clk 0:24:15]} Kh7 {[%clk 0:58:03]} 43. Bg4 {[%clk 0:24:24]} Rf7
{[%clk 0:52:55]} 44. Bf3 {[%clk 0:23:25]} b6 {[%clk 0:52:54]} 45. Bh4
{[%clk 0:20:06]} Kg7 {[%clk 0:49:12]} 46. Bg3 {[%clk 0:17:44]} Kh6
{[%clk 0:46:51]} 47. Bg4 {[%clk 0:18:08]} Kh7 {[%clk 0:44:00]} 48. Be6
{[%clk 0:18:27]} Rf8 {[%clk 0:44:25]} 49. Nc7 {[%clk 0:17:59]} Kh6
{[%clk 0:44:16]} 50. h3 {[%clk 0:12:12]} Bd4 {[%clk 0:43:26]} 51. Bg4
{[%clk 0:11:14]} Be3 {[%clk 0:43:28]} 52. Bh4 {[%clk 0:10:32]} Rf4
{[%clk 0:33:12]} 53. Ne6 {[%clk 0:09:27]} Rf7 {[%clk 0:30:04]} 54. Be2
{[%clk 0:09:43]} g5 {[%clk 0:26:19]} 55. Be1 {[%clk 0:10:02]} Kg6
{[%clk 0:26:14]} 56. Bb5 {[%clk 0:08:40]} Kf6 {[%clk 0:26:29]} 57. Kf3
{[%clk 0:07:06]} Bg1 {[%clk 0:26:47]} 58. Kg4 {[%clk 0:06:59]} Be3
{[%clk 0:27:02]} 59. h4 {[%clk 0:07:09]} Re7 {[%clk 0:26:39]} 60. Bg3
{[%clk 0:06:35]} Kg6 {[%clk 0:26:43]} 61. hxg5 {[%clk 0:05:16]} Bg1
{[%clk 0:27:03]} 62. Kf3 {[%clk 0:04:51]} Kh5 {[%clk 0:27:16]} 63. Ke2
{[%clk 0:05:10]} Bc5 {[%clk 0:26:52]} 64. Be1 {[%clk 0:04:47]} Bg1
{[%clk 0:26:55]} 65. Kd2 {[%clk 0:04:53]} Kg6 {[%clk 0:26:57]} 66. Be2
{[%clk 0:04:45]} Rf7 {[%clk 0:26:10]} 67. Bg4 {[%clk 0:05:06]} b5
{[%clk 0:25:41]} 68. Bf5+ {[%clk 0:05:14]} Kh5 {[%clk 0:26:10]} 69. g6
{[%clk 0:05:34]} Ra7 {[%clk 0:26:35]} 70. g7 {[%clk 0:06:00]} 1-0

[Event "GM Round Robin-Orbis 2018"]
[Site "Paracin hotel Orbis"]
[Date "2018.07.15"]
[Round "3.1"]
[White "Raja, Rithvik R"]
[Black "Atalik, Suat"]
[Result "1/2-1/2"]
[BlackElo "2509"]
[WhiteElo "2343"]
[LiveChessVersion "1.4.8"]

1. Nf3 {[%clk 1:30:58]} Nf6 {[%clk 1:30:28]} 2. c4 {[%clk 1:31:22]} g6
{[%clk 1:29:55]} 3. Nc3 {[%clk 1:31:17]} d5 {[%clk 1:30:06]} 4. cxd5
{[%clk 1:31:39]} Nxd5 {[%clk 1:30:29]} 5. h4 {[%clk 1:31:49]} Nxc3
{[%clk 1:30:21]} 6. dxc3 {[%clk 1:31:17]} Qxd1+ {[%clk 1:30:13]} 7. Kxd1
{[%clk 1:31:43]} f6 {[%clk 1:28:15]} 8. e4 {[%clk 1:30:18]} e5 {[%clk 1:22:52]}
9. Bc4 {[%clk 1:25:38]} h5 {[%clk 1:22:36]} 10. Be3 {[%clk 1:24:41]} Bh6
{[%clk 1:19:54]} 11. Bxh6 {[%clk 1:22:32]} Rxh6 {[%clk 1:20:10]} 12. Kc2
{[%clk 1:22:36]} Nd7 {[%clk 1:19:56]} 13. Nd2 {[%clk 1:17:47]} Nb6
{[%clk 1:19:35]} 14. Bb3 {[%clk 1:17:59]} Ke7 {[%clk 1:14:26]} 15. a4
{[%clk 1:12:18]} a5 {[%clk 1:14:36]} 16. Nc4 {[%clk 1:09:58]} Nxc4
{[%clk 1:11:41]} 17. Bxc4 {[%clk 1:10:24]} Bd7 {[%clk 1:11:50]} 18. f3
{[%clk 1:09:50]} Rhh8 {[%clk 1:11:15]} 19. Rhd1 {[%clk 1:06:43]} Rhd8
{[%clk 1:10:44]} 20. Rd2 {[%clk 1:01:34]} b6 {[%clk 1:09:45]} 21. b3
{[%clk 0:59:14]} Be6 {[%clk 1:08:25]} 22. Rxd8 {[%clk 0:57:30]} Rxd8
{[%clk 1:08:49]} 23. Bxe6 {[%clk 0:57:54]} Kxe6 {[%clk 1:09:14]} 24. Rd1
{[%clk 0:54:50]} Rxd1 {[%clk 1:08:52]} 25. Kxd1 {[%clk 0:55:17]} Kd6
{[%clk 1:09:03]} 26. b4 {[%clk 0:51:54]} axb4 {[%clk 0:47:10]} 27. cxb4
{[%clk 0:52:19]} c5 {[%clk 0:47:02]} 28. Kc2 {[%clk 0:50:39]} cxb4
{[%clk 0:29:38]} 29. Kb3 {[%clk 0:50:59]} g5 {[%clk 0:23:10]} 30. hxg5
{[%clk 0:50:57]} fxg5 {[%clk 0:23:35]} 31. Kxb4 {[%clk 0:51:24]} Kc7
{[%clk 0:19:09]} 32. Kb5 {[%clk 0:50:49]} Kb7 {[%clk 0:19:33]} 33. Kc4
{[%clk 0:50:59]} Kc6 {[%clk 0:19:56]} 34. Kb4 {[%clk 0:51:23]} Kb7
{[%clk 0:19:25]} 35. Kb5 {[%clk 0:51:08]} Kc7 {[%clk 0:19:49]} 36. Kb4
{[%clk 0:51:17]} Kc6 {[%clk 0:19:52]} 37. Kc4 {[%clk 0:51:40]} Kd6
{[%clk 0:20:18]} 38. Kb5 {[%clk 0:52:02]} Kc7 {[%clk 0:20:42]} 39. Kb4
{[%clk 0:52:27]} Kd6 {[%clk 0:21:07]} 40. Kb5 {[%clk 1:22:52]} Kc7
{[%clk 0:51:33]} 1/2-1/2

[Event "GM Round Robin-Orbis 2018"]
[Site "Paracin hotel Orbis"]
[Date "2018.07.15"]
[Round "3.2"]
[White "Lorparizangeneh, Shahin"]
[Black "Djordjevic, Vuk"]
[Result "1-0"]
[BlackElo "2403"]
[WhiteElo "2493"]
[LiveChessVersion "1.4.8"]

1. d4 {[%clk 1:30:57]} Nf6 {[%clk 1:28:54]} 2. c4 {[%clk 1:31:19]} e6
{[%clk 1:29:12]} 3. g3 {[%clk 1:31:26]} d5 {[%clk 1:29:13]} 4. Bg2
{[%clk 1:31:49]} Bb4+ {[%clk 1:29:19]} 5. Bd2 {[%clk 1:31:24]} Bd6
{[%clk 1:26:18]} 6. Nc3 {[%clk 1:31:10]} c6 {[%clk 1:25:15]} 7. e4
{[%clk 1:31:10]} dxe4 {[%clk 1:24:00]} 8. Nxe4 {[%clk 1:31:29]} Be7
{[%clk 1:20:48]} 9. Bc3 {[%clk 1:24:51]} Nbd7 {[%clk 1:17:06]} 10. Nxf6+
{[%clk 1:20:57]} Bxf6 {[%clk 1:15:13]} 11. Nf3 {[%clk 1:20:41]} Qc7
{[%clk 1:14:00]} 12. O-O {[%clk 1:12:59]} O-O {[%clk 1:09:03]} 13. Re1
{[%clk 1:02:32]} Rd8 {[%clk 0:49:05]} 14. Qc2 {[%clk 0:59:26]} b6
{[%clk 0:45:21]} 15. Rad1 {[%clk 0:42:11]} Bb7 {[%clk 0:44:28]} 16. c5
{[%clk 0:42:26]} Be7 {[%clk 0:37:06]} 17. b4 {[%clk 0:41:27]} Nf6
{[%clk 0:26:36]} 18. Ne5 {[%clk 0:38:16]} Nd5 {[%clk 0:26:24]} 19. Be4
{[%clk 0:36:53]} Nf6 {[%clk 0:25:05]} 20. Bf3 {[%clk 0:32:46]} Nd5
{[%clk 0:21:23]} 21. Bd2 {[%clk 0:30:19]} Rac8 {[%clk 0:11:34]} 22. h4
{[%clk 0:28:28]} Bf6 {[%clk 0:11:09]} 23. Be4 {[%clk 0:24:39]} h6
{[%clk 0:11:11]} 24. Nf3 {[%clk 0:18:05]} Qe7 {[%clk 0:07:25]} 25. Qc1
{[%clk 0:15:37]} Rd7 {[%clk 0:06:26]} 26. Bb1 {[%clk 0:14:59]} h5
{[%clk 0:03:30]} 27. Ne5 {[%clk 0:09:24]} Rdd8 {[%clk 0:03:44]} 28. a3
{[%clk 0:07:53]} Nc7 {[%clk 0:01:27]} 29. Re4 {[%clk 0:05:28]} Ne8
{[%clk 0:00:37]} 30. Bg5 {[%clk 0:03:26]} Rc7 {[%clk 0:00:36]} 31. g4
{[%clk 0:02:42]} Bxg5 {[%clk 0:00:33]} 32. hxg5 {[%clk 0:03:05]} hxg4
{[%clk 0:00:32]} 33. Rxg4 {[%clk 0:03:02]} bxc5 {[%clk 0:00:37]} 34. bxc5
{[%clk 0:03:02]} Ba6 {[%clk 0:00:34]} 35. Rh4 {[%clk 0:02:36]} g6
{[%clk 0:00:38]} 36. Re1 {[%clk 0:00:39]} Rcd7 {[%clk 0:00:32]} 37. Nxc6
{[%clk 0:00:55]} Qf8 {[%clk 0:00:57]} 38. Nxd8 {[%clk 0:00:50]} Rxd8
{[%clk 0:01:25]} 39. Qf4 {[%clk 0:00:48]} Qe7 {[%clk 0:00:43]} 40. Qe5
{[%clk 0:30:37]} Ng7 {[%clk 0:31:12]} 41. Be4 {[%clk 0:29:43]} Bb7
{[%clk 0:31:05]} 42. c6 {[%clk 0:25:18]} Ba6 {[%clk 0:31:12]} 43. Rh6
{[%clk 0:22:36]} Bc4 {[%clk 0:30:38]} 44. Re3 {[%clk 0:21:54]} 1-0

[Event "GM Round Robin-Orbis 2018"]
[Site "Paracin hotel Orbis"]
[Date "2018.07.15"]
[Round "3.4"]
[White "Radovanovic, Mihajlo"]
[Black "Raghunandan, Kaumandur Srihari"]
[Result "1-0"]
[BlackElo "2417"]
[WhiteElo "2402"]
[LiveChessVersion "1.4.8"]

1. Nf3 Nf6 2. g3 g6 3. Bg2 Bg7 4. c4 O-O 5. O-O c5 6. d4 cxd4 7. Nxd4 Nc6 8. Nc3
Qa5 9. Nb3 Qh5 10. c5 a5 11. a4 d5 12. cxd6 Rd8 13. e4 Bg4 14. f3 Be6 15. Bf4
exd6 16. g4 Qh4 17. Re1 d5 18. Bg3 Qh6 19. e5 d4 20. Nb5 Nd5 21. N3xd4 Nf4 22.
Bxf4 Qxf4 23. Nxe6 fxe6 24. Qc1 Qxc1 25. Raxc1 Bxe5 26. Rc2 Rac8 27. Rce2 Bd4+
28. Kh1 e5 29. g5 Nb4 30. Rd2 Nc2 31. Rb1 Be3 32. Re2 Bf4 33. h4 Ne3 34. Bh3 Nf5
35. Bxf5 gxf5 36. Kg2 Rd2 37. Rxd2 Bxd2 38. Nd6 Rc2 39. Kh3 f4 40. Kg4 Be3 41.
Ne4 Kg7 42. b4 axb4 43. Rxb4 b6 44. a5 bxa5 45. Rb7+ Kf8 46. Rxh7 a4 47. g6 Rc6
48. Rf7+ 1-0

[Event "GM Round Robin-Orbis 2018"]
[Site "Paracin hotel Orbis"]
[Date "2018.07.15"]
[Round "3.5"]
[White "Peng, Shunkai"]
[Black "Ikeda, Junta"]
[Result "1-0"]
[BlackElo "2437"]
[WhiteElo "2390"]
[LiveChessVersion "1.4.8"]

1. e4 {[%clk 1:28:23]} c5 {[%clk 1:30:55]} 2. b3 {[%clk 1:28:12]} g6
{[%clk 1:27:25]} 3. Bb2 {[%clk 1:28:15]} Nf6 {[%clk 1:27:51]} 4. e5
{[%clk 1:22:15]} Nd5 {[%clk 1:28:17]} 5. h4 {[%clk 1:21:18]} Bg7 {[%clk 1:20:04]}
6. h5 {[%clk 1:19:28]} d6 {[%clk 1:19:53]} 7. Nf3 {[%clk 1:14:37]} Bg4
{[%clk 1:07:49]} 8. Bb5+ {[%clk 1:13:09]} Nc6 {[%clk 1:05:51]} 9. hxg6
{[%clk 1:10:43]} hxg6 {[%clk 1:05:53]} 10. Rxh8+ {[%clk 1:11:02]} Bxh8
{[%clk 1:06:17]} 11. Qe2 {[%clk 1:09:37]} Bxf3 {[%clk 0:35:06]} 12. Qxf3
{[%clk 1:07:48]} Bxe5 {[%clk 0:32:50]} 13. Bxe5 {[%clk 0:48:15]} dxe5
{[%clk 0:33:15]} 14. Na3 {[%clk 0:40:34]} Rc8 {[%clk 0:09:00]} 15. Nc4
{[%clk 0:39:12]} Ndb4 {[%clk 0:03:07]} 16. O-O-O {[%clk 0:34:04]} e4
{[%clk 0:00:49]} 17. Qg4 {[%clk 0:29:22]} Qd7 {[%clk 0:00:48]} 18. Qh4
{[%clk 0:27:49]} Qd4 {[%clk 0:00:39]} 19. c3 {[%clk 0:24:09]} Nd3+
{[%clk 0:01:03]} 20. Kb1 {[%clk 0:23:30]} Qd5 {[%clk 0:01:13]} 21. Rh1
{[%clk 0:23:23]} Kd7 {[%clk 0:01:10]} 22. Ne3 {[%clk 0:22:02]} Qe5
{[%clk 0:01:00]} 23. f3 {[%clk 0:21:52]} Nf4 {[%clk 0:00:40]} 24. g3
{[%clk 0:20:48]} Nd5 {[%clk 0:00:37]} 25. Nc4 {[%clk 0:20:46]} Qe6
{[%clk 0:00:35]} 26. Re1 {[%clk 0:18:18]} Nf6 {[%clk 0:00:35]} 27. fxe4
{[%clk 0:18:07]} Rg8 {[%clk 0:00:39]} 28. d4 {[%clk 0:17:47]} g5 {[%clk 0:00:43]}
29. Qh1 {[%clk 0:18:01]} cxd4 {[%clk 0:00:41]} 30. cxd4 {[%clk 0:18:30]} Kc8
{[%clk 0:00:39]} 31. d5 {[%clk 0:18:44]} Qd7 {[%clk 0:00:40]} 32. Rd1
{[%clk 0:17:06]} Rd8 {[%clk 0:00:51]} 33. Rd2 {[%clk 0:17:35]} Qc7
{[%clk 0:00:35]} 34. dxc6 {[%clk 0:17:58]} bxc6 {[%clk 0:00:41]} 35. Ba6+
{[%clk 0:17:05]} Kb8 {[%clk 0:01:07]} 36. Qe1 {[%clk 0:16:10]} Rxd2
{[%clk 0:01:22]} 37. Qxd2 {[%clk 0:16:31]} Nxe4 {[%clk 0:01:25]} 38. Qd4
{[%clk 0:10:16]} Nf6 {[%clk 0:01:42]} 39. Ne5 {[%clk 0:10:26]} Nd5
{[%clk 0:01:17]} 40. Nxf7 {[%clk 0:40:42]} Qd7 {[%clk 0:31:28]} 41. Kb2
{[%clk 0:38:36]} 1-0

[Event "GM Round Robin-Orbis 2018"]
[Site "Paracin hotel Orbis"]
[Date "2018.07.16"]
[Round "4.1"]
[White "Atalik, Suat"]
[Black "Ikeda, Junta"]
[Result "1-0"]
[BlackElo "2437"]
[WhiteElo "2509"]
[LiveChessVersion "1.4.8"]

1. d4 {[%clk 1:30:45]} f5 {[%clk 1:30:56]} 2. c4 {[%clk 1:30:31]} Nf6
{[%clk 1:31:19]} 3. Nc3 {[%clk 1:30:34]} d6 {[%clk 1:31:43]} 4. Bg5
{[%clk 1:30:09]} Nbd7 {[%clk 1:32:08]} 5. Qc2 {[%clk 1:30:31]} g6
{[%clk 1:31:57]} 6. Nh3 {[%clk 1:30:52]} e5 {[%clk 1:21:05]} 7. O-O-O
{[%clk 1:29:36]} Be7 {[%clk 1:07:52]} 8. c5 {[%clk 1:28:54]} e4 {[%clk 0:36:41]}
9. f3 {[%clk 1:15:50]} O-O {[%clk 0:23:12]} 10. Bh6 {[%clk 1:09:20]} d5
{[%clk 0:21:49]} 11. Nf4 {[%clk 1:08:36]} Nb8 {[%clk 0:21:17]} 12. h4
{[%clk 1:02:42]} c6 {[%clk 0:17:38]} 13. h5 {[%clk 1:01:06]} g5 {[%clk 0:17:46]}
14. Bxg5 {[%clk 1:01:18]} b6 {[%clk 0:17:43]} 15. g4 {[%clk 0:59:12]} bxc5
{[%clk 0:16:37]} 16. dxc5 {[%clk 0:58:47]} fxg4 {[%clk 0:08:42]} 17. Bh6
{[%clk 0:47:56]} Bxc5 {[%clk 0:05:31]} 18. Ncxd5 {[%clk 0:44:16]} cxd5
{[%clk 0:01:57]} 19. Qxc5 {[%clk 0:44:34]} Rf7 {[%clk 0:01:26]} 20. Nxd5
{[%clk 0:44:00]} Na6 {[%clk 0:01:03]} 21. Qd4 {[%clk 0:32:57]} Bf5
{[%clk 0:01:18]} 22. Nc3 {[%clk 0:28:52]} Qa5 {[%clk 0:01:33]} 23. fxg4
{[%clk 0:28:08]} Be6 {[%clk 0:00:45]} 24. g5 {[%clk 0:20:51]} Ng4
{[%clk 0:00:49]} 25. Bh3 {[%clk 0:19:37]} Rc8 {[%clk 0:00:38]} 26. Bxg4
{[%clk 0:17:51]} Bxg4 {[%clk 0:00:38]} 27. Rhf1 {[%clk 0:17:33]} Rd7
{[%clk 0:00:37]} 28. Qc4+ {[%clk 0:17:53]} 1-0